[Event "Niedersachsen-ch"]
[Site "Verden"]
[Date "2006.01.05"]
[Round "2"]
[White "Turner, Tassilo"]
[Black "Biesel, Michael"]
[Result "1/2-1/2"]
[WhiteElo "2129"]
[BlackElo "1796"]
[PlyCount "51"]
[EventDate "2006.01.??"]
[EventType "swiss"]
[EventRounds "7"]
[EventCountry "GER"]
[SourceTitle "CBM 110 Extra"]
[Source "ChessBase"]
[SourceDate "2006.03.10"]
[SourceVersion "2"]
[SourceVersionDate "2006.03.10"]
[SourceQuality "1"]

1. e4 c6 2. f4 d5 3. e5 Bf5 4. Nf3 e6 5. Be2 Qb6 6. c3 h6 7. d4 Nd7 8. 0-0 Be7 9. Kh1 c5 10. c4 Be4 11. cxd5 Bxd5 12. Nc3 Bxf3 13. Rxf3 cxd4 14. Nb5 a6 15. Nxd4 Bc5 16. Rd3 Rd8 17. Be3 Ne7 18. b4 Bxd4 19. Rxd4 Nf5 20. Rxd7 Nxe3 21. Rxd8+ Qxd8 22. Qb3 Qd2 23. Bf3 0-0 24. Rg1 Rc8 25. Qb1 Rc2 26. Qe1 1/2-1/2